Statistiques concernant Naruto: Quiz sur les Kage (Moyen)

Cliquez ici pour prendre le quiz!

Statistiques générales

  • Ce quiz a été pris 533 fois
    (532 depuis la dernière actualisation)
  • Le résultat moyen est 7 sur 10

Statistiques - réponses

QuestionRéponse% Correct
Qui est resté Kage que 2 jours mais a assisté au conseil des 5 Kage?Danzo
94%
Quel Kage a créer la réincarnation des âmes?Tobirama
93%
Qui est le 3ème Raikage?A
90%
Quel Kage a le même prénom que son père?A (4ème Raikage)
89%
quels Kage manient le Djinton dans ces duos?Onoki / Mu
74%
Qui est le 2ème Tsuchikage?Mu
70%
Qui est le 2ème Mizukage?Gengetsu Hozuki
68%
Qui est le 4ème Kazekage?Rasa
55%
Qui est le 4ème Mizukage?Yagura
55%
Quel kage a été Mizukage dans ces réponses?Gengetsu Hozuki
23%

Distribution des résultats

Percentile par nombre de réponses

% des personnes avec chaque résultat

Votre développement - résultats

Vous n’avez pas pris ce quiz depuis la dernière actualisation